Umíte pracovat s motivací podřízených ?
Pracovná motivácia - pracovné hodnotenie, porovnávanie výsledkov, spoluúčasť zamestnancov na rozhodovaní, na riadení rozhodovacích procesov. Stále významnejšiu oblasť stimulácie predstavuje ohodnotenie skupinou a práca so vzťahmi v nej.
Salvato in:
| Autore principale: | |
|---|---|
| Natura: | Capitolo di libro |
| Lingua: | ceco |
| Soggetti: | |
| Tags: |
Nessun Tag, puoi essere il primo ad aggiungerne!!
|
MARC
| LEADER | 00000naa$a2200000$$$4500 | ||
|---|---|---|---|
| 001 | 0076704 | ||
| 005 | 20231019114318.9 | ||
| 041 | 0 | |a cze | |
| 044 | |a CZ | ||
| 245 | 1 | 0 | |a Umíte pracovat s motivací podřízených ? |c Jakub Švec |
| 520 | |a Pracovná motivácia - pracovné hodnotenie, porovnávanie výsledkov, spoluúčasť zamestnancov na rozhodovaní, na riadení rozhodovacích procesov. Stále významnejšiu oblasť stimulácie predstavuje ohodnotenie skupinou a práca so vzťahmi v nej. | ||
| 610 | 2 | 0 | |a motivácia pracovná |
| 610 | 2 | 0 | |a hodnotenie pracovné |
| 610 | 2 | 0 | |a nadriadení |
| 610 | 2 | 0 | |a podriadení |
| 610 | 2 | 0 | |a vedenie podniku |
| 610 | 2 | 0 | |a vzťahy pracovné |
| 610 | 2 | 0 | |a vzťahy medziľudské |
| 100 | 1 | |a Švec, Jakub | |